banner-ar

الهلال نوفمبر 2006:الجبل الغربى : (Record no. 9003)

MARC details
000 -الفاتح
حقل البيانات ثابتة الطول 00685nam a2200193Ia 4500
008 - عناصر البيانات ثابتة الطول - معلومات عامة
حقل البيانات ثابتة الطول 140319s9999 xx 000 0 ara d
040 ## - مصدر الفهرسة
وكالة الفهرسة الأصلية GCL /
وكالة النسخ GCL
082 04 - رقم تصنيف ديوى العشرى
رقم التصنيف د
رقم المادة 050
-- د هـ
245 10 - بيان العنوان
العنوان الهلال نوفمبر 2006:الجبل الغربى :
بقية العنوان مطاريد ورهبان
260 ## - PUBLICATION, DISTRIBUTION, ETC. (IMPRINT)
تاريخ النشر أو التوزيع 2006
650 04 - المدخل الاضافى بالموضوع-مصطلح موضوعى
مصطلح موضوعي الترجمة العربية
650 04 - المدخل الاضافى بالموضوع-مصطلح موضوعى
مصطلح موضوعي الشعر - مجموعات
650 04 - المدخل الاضافى بالموضوع-مصطلح موضوعى
مصطلح موضوعي القصص العربية القصيرة - مصر
650 04 - المدخل الاضافى بالموضوع-مصطلح موضوعى
مصطلح موضوعي الادب - مجموعات
650 04 - المدخل الاضافى بالموضوع-مصطلح موضوعى
مصطلح موضوعي القصص - مجموعات
650 04 - المدخل الاضافى بالموضوع-مصطلح موضوعى
مصطلح موضوعي نعوم تشوفسكى
942 ## - عناصر المدخل الإضافي( كوها)
مصدر التصنيف او مخطط الترفيف Dewey Decimal Classification
Koha [default] item type الدوريات
260 ## - PUBLICATION, DISTRIBUTION, ETC. (IMPRINT)
-- القاهرة :
-- دار الهلال للطباعة والنشر ،
Holdings
حالة التراجع حالة الفقد حالة تلف ليس للاعارة المكان المؤقت الموقع الحالى تاريخ الاكتساب اجمالي اﻻعارات رقم الطلب الباركود تاريخ اخر مشاهدة تاريخ تفعيل السعر نوع وعاء كوها
        مكتبة القاهرة الكبرى مكتبة القاهرة الكبرى 03/26/2014   د\050\د هـ 18805 03/26/2014 03/26/2014 الدوريات
        مكتبة القاهرة الكبرى مكتبة القاهرة الكبرى 03/26/2014   د\050\د هـ 18806 03/26/2014 03/26/2014 الدوريات
        مكتبة القاهرة الكبرى مكتبة القاهرة الكبرى 03/26/2014   د\050\د هـ 18807 03/26/2014 03/26/2014 الدوريات

Powered By

EGPV